00992njm a2200229 i 45000010005000000030009000050050017000140070015000310080041000461000029000872450117001162600041002333000049002744900024003235000038003475000036003855180156004216100070005777100042006478300043006898520030007324833ES-MaACL20250822053934.0s|r|||||||||||070817s1976 sp ||| g ||||||||1|nspa d1 aMurciano, Carlos,d1931-10aSelección del libro "Yerba y olvido" de Carlos Murciano [hGrabación sonora] / cinterviene Carlos Murciano. aMadrid : bAteneo de Madrid, c1976. a1 disco (CD-DA) (56 min. 36 seg.) ; c12 cm.1 aLecturas poéticas aDatos basados en la invitación. aPremio González de Lama 1976. aActo organizado por el Aula de Poesía del Ateneo de Madrid, grabado en la sala de conferencias el miércoles 24 de noviembre de 1976, a las 19:30 h.24aAteneo de Madrid-xActos culturales-y1976-vGrabaciones sonoras.2 aAteneo de Madrid. bAula de Poesía.00aLecturas poéticas (Ateneo de Madrid) aES-MaACLcROTjROT 4/1/20